Energy prices and taxes IEA statistics
Guardado en:
| Formato: | Seriadas |
|---|---|
| Lenguaje: | inglés |
| Publicado: |
Paris
OECD/IEA
|
| Materias: | |
| Etiquetas: |
Sin Etiquetas, Sea el primero en etiquetar este registro!
|
MARC
| LEADER | 00000nas1a2200000 4500 | ||
|---|---|---|---|
| 001 | s124423 | ||
| 005 | 20230526083223.1 | ||
| 022 | |a 0256-2332 | ||
| 041 | 0 | |a eng | |
| 044 | |a FR | ||
| 245 | 1 | 0 | |a Energy prices and taxes |b IEA statistics |
| 264 | 1 | |a Paris |b OECD/IEA | |
| 500 | |a Titul do r. 2001 je spracovaný v BD Knihy | ||
| 610 | 2 | 0 | |a štatistika medzinárodná |
| 610 | 2 | 0 | |a energia |
| 610 | 2 | 0 | |a ceny |
| 610 | 2 | 0 | |a dane |
| 610 | 2 | 0 | |a energetika |
| 610 | 2 | 0 | |a IEA |